cities named after presidents - Statistics

General Stats
  • This quiz has been taken 29 times
  • The average score is 7 of 13
Answer Stats
State Pop (2025) Answer % Correct
N/a 708,502 Washington
93%
NE 302,165 Lincoln
89%
MS 136,048 Jackson
82%
TN 68,930 Jackson
82%
WI 287,820 Madison
79%
AL 69,116 Madison
79%
FL 1,013,293 Jacksonville
57%
LA 48,689* Monroe
54%
MO 43,018* Jefferson city
50%
MA 104,004 Quincy
39%
TX 116,224 Tyler
29%
IN 53,400 Jeffersonville
7%
FL 50,920 Fort Pierce
4%
No matching quizzes found
Score Distribution
Percent of People with Each Score
Percentile by Number Answered
Your Score History
You have not taken this quiz